书目信息 |
| 题名: |
苦难辉煌
|
|
| 作者: | 金一南 著 | |
| 分册: | ||
| 出版信息: | 北京 作家出版社 2020.08 |
|
| 页数: | 583页 | |
| 开本: | 24cm | |
| 丛书名: | ||
| 单 册: | ||
| 中图分类: | K270.9 | |
| 科图分类: | ||
| 主题词: | 中国历史--zhong guo li shi--现代史--通俗读物 | |
| 电子资源: | ||
| ISBN: | 978-7-5212-1025-5 | |
| 000 | 01326nam0 2200277 450 | |
| 001 | 2529841546 | |
| 005 | 20251203151001.99 | |
| 010 | @a978-7-5212-1025-5@dCNY79.00 | |
| 100 | @a20200826d2020 em y0chiy50 ea | |
| 101 | 0 | @achi |
| 102 | @aCN@b110000 | |
| 105 | @ay a 000yy | |
| 200 | 1 | @a苦难辉煌@Aku nan hui huang@f金一南著 |
| 205 | @a修订版 | |
| 210 | @a北京@c作家出版社@d2020.08 | |
| 215 | @a583页@d24cm | |
| 300 | @a中作华文 | |
| 314 | @a金一南, 国防大学战略教研部教授, 少将军衔, 全国模范教师, 全军优秀教师。 | |
| 320 | @a有书目 (第575-583页) | |
| 330 | @a本书为中国现代史通俗读物。20世纪在世界东方, 最激动人心与震撼人心的, 莫过于中华民族从东亚病夫到东方巨龙、从百年沉沦到百年复兴这一历史命运的大落大起。各种政治力量在中国冲撞与较量, 内外矛盾冲突空前尖锐, 相互斗争局面极其复杂, 各派力量的策略转换空前迅速。毛泽东主席率领工农红军, 通过万里长征这一中国共产党人的炼狱, 通过严酷的围堵、不尽的跋涉、惊人的牺牲……形成的地狱之火, 使中华民族探测到了前所未有的历史深度和时代宽度, 最终完成了中国历史中最富史诗意义的壮举。中国工农红军和中国革命也由此成为一只火中凤凰, 从苦难走向辉煌等。 | |
| 503 | @n河南城建学院图书馆 | |
| 606 | 0 | @a中国历史@Azhong guo li shi@x现代史@j通俗读物 |
| 690 | @aK270.9@v5 | |
| 701 | 0 | @a金一南@Ajin yi nan@4著 |
| 801 | 0 | @aCN@c20200906 |
| 905 | @a河南城建学院图书馆@dK270.9@eJ824=2 | |
| 苦难辉煌/金一南著.-修订版.-北京:作家出版社,2020.08 |
| 583页;24cm |
| 中作华文 |
| ISBN 978-7-5212-1025-5:CNY79.00 |
| 本书为中国现代史通俗读物。20世纪在世界东方, 最激动人心与震撼人心的, 莫过于中华民族从东亚病夫到东方巨龙、从百年沉沦到百年复兴这一历史命运的大落大起。各种政治力量在中国冲撞与较量, 内外矛盾冲突空前尖锐, 相互斗争局面极其复杂, 各派力量的策略转换空前迅速。毛泽东主席率领工农红军, 通过万里长征这一中国共产党人的炼狱, 通过严酷的围堵、不尽的跋涉、惊人的牺牲……形成的地狱之火, 使中华民族探测到了前所未有的历史深度和时代宽度, 最终完成了中国历史中最富史诗意义的壮举。中国工农红军和中国革命也由此成为一只火中凤凰, 从苦难走向辉煌等。 |
| ● |
| 相关链接 |
|
|
|
正题名:苦难辉煌
索取号:K270.9/J824=2
 
预约/预借
| 序号 | 登录号 | 条形码 | 馆藏地/架位号 | 状态 | 备注 |
| 1 | 1556382 | 215563824 | 外国语学院资料室/ [索取号:K270.9/J824=2] | 在馆 |